| 000 | 01382nam a22003737a 4500 | ||
|---|---|---|---|
| 003 | CHAP | ||
| 005 | 20220329140132.0 | ||
| 008 | 971013c19531932 r 00010 d | ||
| 010 | _a47480 | ||
| 011 | _a48452 | ||
| 035 | _a52598 | ||
| 040 | _cCHAP | ||
| 082 |
_a631.8 _bV35 |
||
| 100 | 0 | 0 |
_aVan Slyke, Lucius L. _9117806 |
| 245 | _aFertilizers and crop production | ||
| 260 |
_aNew York : _bOrange Judd, _c1953 (c.1932) |
||
| 300 |
_a493 p. _b: ilus. |
||
| 590 |
_aBATCH-UPD _b10 _c20130110 _lUCH01 _h0056 |
||
| 590 |
_aBATCH-UPD _b10 _c20130110 _lUCH01 _h1212 |
||
| 590 |
_aBATCH-UPD _b10 _c20130410 _lUCH01 _h0750 |
||
| 590 |
_aBATCH-UPD _b10 _c20130914 _lUCH01 _h1405 |
||
| 590 |
_aCONVERSION _b10 _c20130109 _lUCH01 _h1326 |
||
| 650 | 1 | 4 |
_aFertilizantes y abonos. _940646 |
| 650 | 1 | 4 |
_aQuímica agrícola. _993576 |
| 901 | _aBK | ||
| 942 | _cLIBRO | ||
| 949 |
_a631.8 V35 _bBC _cLIBRO _d-117068 _eLIBRO _h21984 _i52598 _si |
||
| 949 |
_a631.8 V35 _bBC _cLIBRO _d-117073 _eLIBRO _fc.2 _h21985 _i52598 _si |
||
| 949 |
_a631.8 V35 _bBC _cLIBRO _d-117074 _eLIBRO _fc.3 _h21986 _i52598 _si |
||
| 949 |
_a631.8 V35 _bBC _cLIBRO _d-117075 _eLIBRO _fc.4 _h21987 _i52598 _si |
||
| 949 |
_a631.8 V35 _bBC _cLIBRO _d-117076 _eLIBRO _fc.5 _h21988 _i52598 _si |
||
| 949 |
_a631.8 V35 _bBC _cLIBRO _d-117077 _eLIBRO _fc.6 _h21989 _i52598 _si |
||
| 949 |
_a631.8 V35 _bBC _cLIBRO _d-117079 _eLIBRO _fc.7 _h51713 _i52598 _mD. Ing. Acosta _si |
||
| 999 |
_c47480 _d47480 |
||